Κουίζ Πολλαπλής Επιλογής Πόλης – Θεσσαλονίκη - Statistics

General Stats
  • This quiz has been taken 45 times
  • The average score is 8 of 10
Answer Stats
Question Answer % Correct
Πώς ονομάζεται ο διάσημος πύργος της Θεσσαλονίκης; Λευκός Πύργος
100%
Η Θεσσαλονίκη είναι πρωτεύουσα ποιάς περιοχής; Μακεδονία
100%
Πάνω σε ποιόν κόλπο βρίσκεται η Θεσσαλονίκη; Θερμαϊκό
97%
Τι άνοιξε στη Θεσσαλονίκη το 2024; Μόνο το 2ο στην Ελλάδα... Μετρό
97%
Ποιό πανεπιστήμιο της Θεσσαλονίκης είναι το μεγαλύτερο όλων των Βαλκανίων; Αριστοτέλειο
97%
Ποιοι είναι οι αδελφοί από τη Θεσσαλονίκη που πιστώνονται ότι έφεραν τον Χριστιανισμό στους Σλάβους και βοήθησαν στη δημιουργία ενός σλαβικού αλφαβήτου; Κύριλλος και Μεθόδιος
92%
Σε ποιόν πόλεμο διεκδίκησε η Ελλάδα την Θεσσαλονίκη από τους Οθωμανούς; Α' Βαλκανικός Πόλεμος
78%
Η Θεσσαλονίκη παίρνει το όνομά της από την ετεροθαλής αδελφή πιάνου; Μέγας Αλέξανδρος
78%
Κατά τον 16ο αιώνα η Θεσσαλονίκη έγινε η μοναδική πόλη στον κόσμο όπου ποιά εθνική ομάδα είχε πλειονότητα; Εβραίοι
64%
Ποιός από τους επόμενους γεννήθηκε στη Θεσσαλονίκη; Κατερίνα Σακελλαροπούλου
44%
No matching quizzes found
Score Distribution
Percent of People with Each Score
Percentile by Number Answered
Your Score History
You have not taken this quiz